<?xml version="1.0" encoding="UTF-8"?>
<record
    xmlns:xsi="http://www.w3.org/2001/XMLSchema-instance"
    xsi:schemaLocation="http://www.loc.gov/MARC21/slim http://www.loc.gov/standards/marcxml/schema/MARC21slim.xsd"
    xmlns="http://www.loc.gov/MARC21/slim">

  <leader>02509nam a2200217Ia 4500</leader>
  <controlfield tag="003">OSt</controlfield>
  <controlfield tag="005">20250715103859.0</controlfield>
  <controlfield tag="008">210210b1995   xxu||||| |||| 00| 0 eng d</controlfield>
  <datafield tag="040" ind1=" " ind2=" ">
    <subfield code="c">AL</subfield>
  </datafield>
  <datafield tag="041" ind1=" " ind2=" ">
    <subfield code="a">eng</subfield>
  </datafield>
  <datafield tag="082" ind1=" " ind2=" ">
    <subfield code="a">K894.109 NARI</subfield>
  </datafield>
  <datafield tag="100" ind1=" " ind2=" ">
    <subfield code="a">NARAHALLI BALASUBRAHMANYA.</subfield>
    <subfield code="d">&#xCA8;&#xCB0;&#xCB9;&#xCB3;&#xCCD;&#xCB3;&#xCBF; &#xCAC;&#xCBE;&#xCB2;&#xCB8;&#xCC1;&#xCAC;&#xCCD;&#xCB0;&#xCB9;&#xCCD;&#xCAE;&#xCA3;&#xCCD;&#xCAF;</subfield>
    <subfield code="9">218760</subfield>
  </datafield>
  <datafield tag="245" ind1=" " ind2=" ">
    <subfield code="a">Ihada parimalada hadi.</subfield>
    <subfield code="b">&#xC87;&#xCB9;&#xCA6; &#xCAA;&#xCB0;&#xCBF;&#xCAE;&#xCB3;&#xCA6; &#xCB9;&#xCBE;&#xCA6;&#xCBF;  </subfield>
  </datafield>
  <datafield tag="260" ind1=" " ind2=" ">
    <subfield code="a">Bengaluru</subfield>
    <subfield code="b">Lipi Prakashana</subfield>
    <subfield code="c">1995</subfield>
  </datafield>
  <datafield tag="300" ind1=" " ind2=" ">
    <subfield code="a">xii,300</subfield>
  </datafield>
  <datafield tag="520" ind1=" " ind2=" ">
    <subfield code="a">&#xC95;&#xCC6; &#xC8E;&#xCB8;&#xCCD; &#xCA8; &#xC86;&#xCB5;&#xCB0; &#xC95;&#xCBE;&#xCB5;&#xCCD;&#xCAF;&#xCA6; &#xCAC;&#xCC6;&#xCB3;&#xCB5;&#xCA3;&#xCBF;&#xC97;&#xCC6;&#xCAF; &#xC9A;&#xCB0;&#xCBF;&#xCA4;&#xCCD;&#xCB0;&#xCC6; &#xCB9;&#xCBE;&#xC97;&#xCC2; &#xCB8;&#xCA4;&#xCCD;&#xCB5;&#xCB5;&#xCA8;&#xCCD;&#xCA8;&#xCC1; &#xC97;&#xCC1;&#xCB0;&#xCC1;&#xCA4;&#xCBF;&#xCB8;&#xCC1;&#xCA4;&#xCCD;&#xCA4;&#xCB2;&#xCC7; &#xC85;&#xCB5;&#xCB0; &#xC85;&#xCA8;&#xCC7;&#xC95; &#xCAE;&#xCC1;&#xC96;&#xCCD;&#xCAF; &#xC95;&#xCB5;&#xCBF;&#xCA4;&#xCC6;&#xC97;&#xCB3; &#xCB8;&#xCC2;&#xC95;&#xCCD;&#xCB7;&#xCCD;&#xCAE; &#xCB5;&#xCBF;&#xCB6;&#xCCD;&#xCB2;&#xCC7;&#xCB7;&#xCA3;&#xCC6;&#xCAF;&#xCA8;&#xCCD;&#xCA8;&#xCC2; &#xCA8;&#xCB0;&#xCB9;&#xCB3;&#xCCD;&#xCB3;&#xCBF;&#xCAF;&#xCB5;&#xCB0;&#xCC1; &#xC87;&#xCB2;&#xCCD;&#xCB2;&#xCBF; &#xCAE;&#xCBE;&#xCA1;&#xCBF;&#xCA6;&#xCCD;&#xCA6;&#xCBE;&#xCB0;&#xCC6;. '&#xC87;&#xCB9;&#xCA6; &#xCAA;&#xCB0;&#xCBF;&#xCAE;&#xCB3;&#xCA6; &#xCB9;&#xCBE;&#xCA6;&#xCBF;&#x2019; &#xCA8;&#xCB0;&#xCB9;&#xCB3;&#xCCD;&#xCB3;&#xCBF;&#xCAF;&#xCB5;&#xCB0; &#xCB5;&#xCBF;&#xCAE;&#xCB0;&#xCCD;&#xCB6;&#xCBE;&#xCB6;&#xC95;&#xCCD;&#xCA4;&#xCBF;&#xC97;&#xCC6; &#xCB8;&#xCBE;&#xC95;&#xCCD;&#xCB7;&#xCBF;.
&#xCA4;&#xCAE;&#xCCD;&#xCAE; &#xCB5;&#xCBF;&#xCB6;&#xCBF;&#xCB7;&#xCCD;&#xC9F; &#xCAA;&#xCCD;&#xCB0;&#xCA4;&#xCBF;&#xCAD;&#xCC6;&#xCAF;&#xCBF;&#xC82;&#xCA6; &#xC95;&#xCBE;&#xCB5;&#xCCD;&#xCAF;&#xCB5;&#xCA8;&#xCCD;&#xCA8;&#xCC1; &#xC9C;&#xCA8;&#xCB0; &#xCAC;&#xCA6;&#xCC1;&#xC95;&#xCBF;&#xCA8;&#xCB2;&#xCCD;&#xCB2;&#xCBF; &#xC92;&#xC82;&#xCA6;&#xCBE;&#xC97;&#xCBF;&#xCB8;&#xCC1;&#xCB5; &#xCAE;&#xCC2;&#xCB2;&#xC95; &#xC86;&#xCA7;&#xCC1;&#xCA8;&#xCBF;&#xC95; &#xC95;&#xCBE;&#xCB5;&#xCCD;&#xCAF;&#xC95;&#xCCD;&#xC95;&#xCC6; &#xCAE;&#xCB9;&#xCA4;&#xCCD;&#xCB5;&#xCA6; &#xC95;&#xCCA;&#xCA1;&#xCC1;&#xC97;&#xCC6; &#xCA8;&#xCC0;&#xCA1;&#xCBF;&#xCA6; &#xC95;&#xCC6; &#xC8E;&#xCB8;&#xCCD; &#xCA8;&#xCB0;&#xCB8;&#xCBF;&#xC82;&#xCB9;&#xCB8;&#xCCD;&#xCB5;&#xCBE;&#xCAE;&#xCBF;&#xCAF;&#xCB5;&#xCB0; &#xC95;&#xCBE;&#xCB5;&#xCCD;&#xCAF;&#xCA6; &#xC85;&#xCA7;&#xCCD;&#xCAF;&#xCAF;&#xCA8; &#xC87;&#xCA6;&#xCC1;&#xCB5;&#xCB0;&#xCC6;&#xC97;&#xCC6; &#xCA8;&#xCA1;&#xCC6;&#xCA6;&#xCBF;&#xCB0;&#xCB2;&#xCBF;&#xCB2;&#xCCD;&#xCB2;, &#xCA8;&#xCB0;&#xCB9;&#xCB3;&#xCCD;&#xCB3;&#xCBF; &#xCAC;&#xCBE;&#xCB2;&#xCB8;&#xCC1;&#xCAC;&#xCCD;&#xCB0;&#xCB9;&#xCCD;&#xCAE;&#xCA3;&#xCCD;&#xCAF; &#xC95;&#xCA8;&#xCCD;&#xCA8;&#xCA1; &#xCB5;&#xCBF;&#xCAE;&#xCB0;&#xCCD;&#xCB6;&#xCC6;&#xCAF; &#xC85;&#xC97;&#xCA4;&#xCCD;&#xCAF;&#xCB5;&#xCCA;&#xC82;&#xCA6;&#xCA8;&#xCCD;&#xCA8;&#xCC1; &#xCB8;&#xCAE;&#xCB0;&#xCCD;&#xCA5;&#xCB5;&#xCBE;&#xC97;&#xCBF; &#xC88;&#xCA1;&#xCC7;&#xCB0;&#xCBF;&#xCB8;&#xCBF;&#xC95;&#xCCA;&#xC9F;&#xCCD;&#xC9F;&#xCBF;&#xCA6;&#xCCD;&#xCA6;&#xCBE;&#xCB0;&#xCC6;. &#xCB2;&#xCC7;&#xC96;&#xC95;&#xCB0;&#xCC1; &#xCA4;&#xCAE;&#xCCD;&#xCAE; &#xCA8;&#xCBF;&#xCB2;&#xCC1;&#xCB5;&#xCA8;&#xCCD;&#xCA8;&#xCC1; &#xCB8;&#xCCD;&#xCAA;&#xC9F;&#xCBF;&#xC97;&#xCCA;&#xCB3;&#xCBF;&#xCB8;&#xCB2;&#xCC1; &#xCA8;&#xCA1;&#xCC6;&#xCB8;&#xCC1;&#xCB5; &#xC9A;&#xCB0;&#xCCD;&#xC9A;&#xCC6;, &#xCB5;&#xCBF;&#xCB6;&#xCCD;&#xCB2;&#xCC7;&#xCB7;&#xCA3;&#xCC6;, &#xCAA;&#xCCD;&#xCB0;&#xCA4;&#xCBF;&#xCAA;&#xCBE;&#xCA6;&#xCA8;&#xCC6; &#xCB8;&#xCAE;&#xCB0;&#xCCD;&#xCA5;&#xCB5;&#xCC2;, &#xC89;&#xCA8;&#xCCD;&#xCA8;&#xCA4; &#xCAE;&#xC9F;&#xCCD;&#xC9F;&#xCA6;&#xCCD;&#xCA6;&#xCBE;&#xC97;&#xCBF;&#xCA6;&#xCCD;&#xCA6;&#xCC1; &#xC86;&#xCA8;&#xC97;&#xCA4;&#xCCD;&#xCAF;&#xCB5;&#xCC6;&#xCA8;&#xCBF;&#xCB8;&#xCC1;&#xCB5; &#xCAF;&#xCBE;&#xCB5; &#xCAE;&#xCBE;&#xCA4;&#xCC1;&#xC97;&#xCB3;&#xCA8;&#xCCD;&#xCA8;&#xCC2; &#xCAC;&#xCB3;&#xCB8;&#xCA6; &#xC87;&#xCB5;&#xCB0; &#xCB6;&#xCC8;&#xCB2;&#xCBF; &#xCB8;&#xCCD;&#xCAA;&#xC9F;&#xCBF;&#xC95;&#xCA6;&#xC82;&#xCA4;&#xCC6; &#xCB8;&#xCCD;&#xCB5;&#xC9A;&#xCCD;&#xC9A;&#xCB5;&#xCBE;&#xC97;&#xCBF;&#xCA6;&#xCC6;, &#xC92;&#xCAC;&#xCCD;&#xCAC; &#xCB8;&#xCAE;&#xC95;&#xCBE;&#xCB2;&#xCBF;&#xCA8; &#xC95;&#xCB5;&#xCBF;&#xCAF;&#xCA8;&#xCCD;&#xCA8;&#xCC1; &#xC95;&#xCC1;&#xCB0;&#xCBF;&#xCA4; &#xC85;&#xCA7;&#xCCD;&#xCAF;&#xCAF;&#xCA8; &#xCB9;&#xCC7;&#xC97;&#xCBF;&#xCB0;&#xCAC;&#xCC7;&#xC95;&#xCC1; &#xC8E;&#xC82;&#xCAC;&#xCC1;&#xCA6;&#xC95;&#xCCD;&#xC95;&#xCC6; &#xC87;&#xCA6;&#xCCA;&#xC82;&#xCA6;&#xCC1; &#xCAE;&#xCBE;&#xCA6;&#xCB0;&#xCBF;.</subfield>
  </datafield>
  <datafield tag="650" ind1=" " ind2=" ">
    <subfield code="a">Narasimhasvami Ke Es</subfield>
    <subfield code="9">218761</subfield>
  </datafield>
  <datafield tag="690" ind1=" " ind2=" ">
    <subfield code="a">Kannada Poetry Criticism</subfield>
    <subfield code="9">218762</subfield>
  </datafield>
  <datafield tag="906" ind1=" " ind2=" ">
    <subfield code="a">051507</subfield>
  </datafield>
  <datafield tag="942" ind1=" " ind2=" ">
    <subfield code="2">ddc</subfield>
    <subfield code="c">BK</subfield>
  </datafield>
  <datafield tag="999" ind1=" " ind2=" ">
    <subfield code="c">100050</subfield>
    <subfield code="d">100050</subfield>
  </datafield>
  <datafield tag="952" ind1=" " ind2=" ">
    <subfield code="0">0</subfield>
    <subfield code="1">0</subfield>
    <subfield code="2">ddc</subfield>
    <subfield code="4">0</subfield>
    <subfield code="7">0</subfield>
    <subfield code="8">KAN</subfield>
    <subfield code="a">AL</subfield>
    <subfield code="b">AL</subfield>
    <subfield code="c">Kannada Literature</subfield>
    <subfield code="d">2021-02-17</subfield>
    <subfield code="g">100.00</subfield>
    <subfield code="l">0</subfield>
    <subfield code="o">K894.109 NARI</subfield>
    <subfield code="p">051507</subfield>
    <subfield code="r">2021-02-17 00:00:00</subfield>
    <subfield code="w">2021-02-17</subfield>
    <subfield code="y">BK</subfield>
  </datafield>
</record>
